000 00866cam a22003013a 4500
001 27315
003 PGUSA
005 20140828083605.0
008 081122s2008||||xxu|||||s|||||000 | eng d
040 _aPGUSA
_beng
042 _adc
050 4 _aPA
100 1 _aAristophanes,
_d-450--388
245 1 0 _aΌρνιθες
_h[electronic resource] /
_cAristophanes
260 _bProject Gutenberg,
_c2008
506 _aPublic domain in the USA.
516 _aElectronic text
653 _aImaginary societies -- Drama
653 _aAthens (Greece) -- Social life and customs -- Drama
653 _aComedies
653 _aGods, Greek -- Drama
653 _aBirds -- Drama
700 1 _aDemetrakopoulos, Polyvios,
_d1864-1922
740 0 _aThe Birds
830 0 _aProject Gutenberg
_v27315
856 4 0 _uhttp://www.gutenberg.org/ebooks/27315
942 _cEB
999 _c256570
_d256570